| 000 | 00877nam a22002417a 4500 | ||
|---|---|---|---|
| 005 | 20170123164141.0 | ||
| 010 | _aB-065713 | ||
| 020 | _c145.00 | ||
| 035 | _aB-065713 | ||
| 040 |
_aDPL _bPN |
||
| 082 |
_aਕ _bਗਰੇਵਾ |
||
| 100 |
_a ਗਰੇਵਾਲ, ਮਿੰਨੀ _915574 |
||
| 245 |
_aਚਾੰਦੀ ਦਾ ਗੇਟ / _cਮਿੰਨੀ ਗਰੇਵਾਲ |
||
| 246 |
_aChandi da gate _bby Mini grawal |
||
| 260 |
_aਦਿੱਲੀ _bਮਨਪ੍ਰੀਤ ਪ੍ਰਕਾਸ਼ਨ |
||
| 270 |
_a16/16 ਫਸਟ ਫਲੋਰ ਗੀਤਾ ਕਲੋਨੀ, _bਦਿੱਲੀ _e110031 |
||
| 300 |
_a142p. _b22cm(Hb) |
||
| 600 |
_aਪੰਜਾਬੀ-ਕਹਾਣੀਆਂ _915575 |
||
| 650 |
_aਪੰਜਾਬੀ ਸਾਹਿਤ _9779 |
||
| 650 |
_aPunjabi Stories _96279 |
||
| 650 |
_aPunjabi Literature _9781 |
||
| 942 |
_2ddc _cPN _hਕ _mਗਰੇਵਾ |
||
| 999 |
_c109655 _d109655 |
||